History of United Kingdom Quiz - Statistics

General Stats
  • This quiz has been taken 391 times
  • The average score is 14 of 18
Answer Stats
Question Answer % Correct
He was the Prime Minister during WW2 for the UK? Winston Churchill
98%
What Famous Music Group throughout the 60's and 70's were started in Liverpool? Beatles
94%
The Largest City by Population in the UK? London
94%
A Popular snack in the UK are Fish and.....? Chips
93%
This Part of the UK voted Against Independence in 2014? Scotland
93%
What type of Disease spread in England in 1349-1351 killing a third of England's Population? Black Death
90%
Where does the Queen of the UK Live? Buckingham Palace
89%
This Famous Play Writer from the UK released his First Play in 1592? Willam Shakespeare
89%
Which Country did the UK go to War with in 1982? Argentina
83%
Prime Minister of the UK from 2010-2016? David Cameron
83%
What Victory happened for Women in 1930 in the UK? Voting
80%
This Country declared Independence from the UK in 1775? United States
79%
Which Country declared Independence from the UK in 1922? Ireland
76%
An UK Exclave in Spain? Gibraltar
70%
Whats the Biggest Castle in the UK? Windsor Castle
67%
In the UK, if you reach your 100th Birthday, what gift do you get from The Queen? Personalized Card
49%
Which Fantasy Character was made in the UK and is still a Legend? Robin Hood
29%
What type of Tribes invaded the UK in the year 700? Celtic Tribes
16%
No matching quizzes found
Score Distribution
Percent of People with Each Score
Percentile by Number Answered
Your Score History
You have not taken this quiz